| 000 | 00470nam a22001337a 4500 | ||
|---|---|---|---|
| 040 | _cNUST | ||
| 082 | _a220 PRO | ||
| 100 |
_aRana Taha Tariq Waleed Alam Lodhi M. Afaq Saeed M. Zeeshan Asghar _985480 |
||
| 110 |
_aSponsoring DS: Brig. Dr. Nasir Rashid Dr. Amir Hamza _985481 |
||
| 245 | _aPR-SOF-2021-Design and Development of Throwable Unmanned Ground Vehicle | ||
| 260 |
_aISLAMABAD: _bNUST COLLEGE OF EME, _c2021. |
||
| 650 |
_aDE-MTS-39 _985482 |
||
| 942 |
_2ddc _cPR |
||
| 999 |
_c586986 _d586986 |
||